BURTON'S LEGAL THESAURUS (Record no. 216319)
[ view plain ]
| 000 -LEADER | |
|---|---|
| fixed length control field | 00393nam a22001577a 4500 |
| 008 - FIXED-LENGTH DATA ELEMENTS--GENERAL INFORMATION | |
| fixed length control field | 251201b |||||||| |||| 00| 0 eng d |
| 020 ## - INTERNATIONAL STANDARD BOOK NUMBER | |
| International Standard Book Number | 978-0-07-147262-3 |
| 050 ## - LIBRARY OF CONGRESS CALL NUMBER | |
| Classification number | REF:KF 156.B87 2007 |
| 100 ## - MAIN ENTRY--PERSONAL NAME | |
| Personal name | BURTON WILLIAM C. |
| 245 ## - TITLE STATEMENT | |
| Title | BURTON'S LEGAL THESAURUS |
| 250 ## - EDITION STATEMENT | |
| Edition statement | 4th |
| 260 ## - PUBLICATION, DISTRIBUTION, ETC. | |
| Place of publication, distribution, etc. | NEWYORK |
| Name of publisher, distributor, etc. | MC GRAHILL |
| Date of publication, distribution, etc. | 2007 |
| 300 ## - PHYSICAL DESCRIPTION | |
| Extent | X,1063 |
| 942 ## - ADDED ENTRY ELEMENTS (KOHA) | |
| Source of classification or shelving scheme | Library of Congress Classification |
| Koha item type | Long Loan Book |
| Withdrawn status | Lost status | Source of classification or shelving scheme | Damaged status | Not for loan | Collection | Home library | Current library | Shelving location | Date acquired | Inventory number | Total checkouts | Full call number | Barcode | Date last seen | Copy number | Price effective from | Koha item type |
|---|---|---|---|---|---|---|---|---|---|---|---|---|---|---|---|---|---|
| Library of Congress Classification | Reference | Kisii University Library | Kisii University Library | On Display | 12/01/2025 | 110282 | REF:KF 156.B87 2007 | 000000021062 | 12/01/2025 | C.1 | 12/01/2025 | Long Loan Book | |||||
| Library of Congress Classification | Reference | Kisii University Library | Kisii University Library | On Display | 12/01/2025 | 110283 | REF:KF 156.B87 2007 | 000000021061 | 12/01/2025 | C.2 | 12/01/2025 | Long Loan Book | |||||
| Library of Congress Classification | Reference | Kisii University Library | Kisii University Library | On Display | 12/01/2025 | 110284 | REF:KF 156.B87 2007 | 000000021060 | 12/01/2025 | C.3 | 12/01/2025 | Long Loan Book | |||||
| Library of Congress Classification | Reference | Kisii University Library | Kisii University Library | On Display | 12/01/2025 | 110285 | REF:KF 156.B87 2007 | 000000021059 | 12/01/2025 | C.4 | 12/01/2025 | Long Loan Book |